000 00481nam a2200181Ia 4500
001 20551
005 20260306172814.0
008 260306t2019||||xx |||||||||||||| ||spa||
041 _aESP
082 _a343.4
_bE386C
100 _aEto Cruz, Gerardo
_eAUT
245 0 _aEl proceso de amparo:
_bprincipios, vías previas, improcedencia, demanda y sentencia
260 _c2019
300 _a334 páginas :
_c25 cm.
650 _aGEN
654 _aCDE
942 _cLIB
_dJUS
_fJUS
_2ddc
_n
999 _c20551
_d20551